[Event "HUN-chT2 Asztalos 1718"]
[Site "Hungary"]
[Date "2018.03.04"]
[Round "7.2"]
[White "Katona, Ferenc"]
[Black "Sztupa, Ferenc"]
[Result "1-0"]
[WhiteElo "2196"]
[BlackElo "2026"]
[PlyCount "63"]
[EventDate "2017.10.29"]
[EventType "team-tourn"]
[EventRounds "9"]
[EventCountry "HUN"]
[SourceTitle "EXT 2021"]
[Source "ChessBase"]
[SourceDate "2020.10.23"]
[SourceVersion "1"]
[SourceVersionDate "2020.10.23"]
[SourceQuality "1"]
[WhiteTeam "Kiraly Sakk"]
[BlackTeam "Sarosd"]
[WhiteTeamCountry "HUN"]
[BlackTeamCountry "HUN"]

1. d4 d5 2. f4 e6 3. e3 c5 4. c3 Nc6 5. Nf3 Nf6 6. Bd3 Qb6 7. 0-0 Be7 8. h3 Bd7 9. Ne5 h5 10. Nd2 Bd6 11. Ndf3 Ng8 12. Rf2 f5 13. a4 Nf6 14. Nxd7 Nxd7 15. Ng5 Ke7 16. c4 g6 17. Nxe6 Kxe6 18. cxd5+ Kf6 19. dxc6 bxc6 20. dxc5 Bxc5 21. a5 Qc7 22. b4 Bxb4 23. Bb2+ Ke7 24. Bxh8 Rxh8 25. Qc2 Re8 26. Re2 Bxa5 27. e4 Bb6+ 28. Kh1 Qxf4 29. exf5+ Kf8 30. Rxe8+ Kxe8 31. Re1+ Kf8 32. fxg6 1-0

[Event "HUN-chT2 Asztalos 1617"]
[Site "Hungary"]
[Date "2017.02.26"]
[Round "9.4"]
[White "Sztupa, Ferenc"]
[Black "Vargyas, Zoltan"]
[Result "0-1"]
[WhiteElo "2026"]
[BlackElo "2038"]
[PlyCount "58"]
[EventDate "2016.09.25"]
[EventType "team-tourn"]
[EventRounds "11"]
[EventCountry "HUN"]
[SourceTitle "EXT 2021"]
[Source "ChessBase"]
[SourceDate "2020.10.23"]
[SourceVersion "1"]
[SourceVersionDate "2020.10.23"]
[SourceQuality "1"]
[WhiteTeam "Sarosd"]
[BlackTeam "Balatonfuered"]
[WhiteTeamCountry "HUN"]
[BlackTeamCountry "HUN"]

1. d4 Nf6 2. Nc3 d5 3. Bg5 Bf5 4. e3 e6 5. Bd3 c6 6. Nge2 Nbd7 7. 0-0 Bd6 8. Ng3 Bg6 9. Nce2 Qc7 10. c4 e5 11. cxd5 Nxd5 12. Nf5 Bxf5 13. Bxf5 f6 14. dxe5 Bxe5 15. Bf4 0-0-0 16. Bg3 g6 17. Be6 Qa5 18. Nd4 Nc7 19. Bb3 Nc5 20. Bxe5 fxe5 21. Qg4+ Kb8 22. Ne6 N7xe6 23. Bxe6 Qa4 24. Qc4 Qxc4 25. Bxc4 Rd2 26. b4 Ne4 27. f4 exf4 28. Rxf4 Re8 29. Rf7 Nd6 0-1

[Event "HUN-chT2 Asztalos 1516"]
[Site "Hungary"]
[Date "2016.03.20"]
[Round "9.4"]
[White "Sztupa, Ferenc"]
[Black "Klimko, Csaba"]
[Result "1-0"]
[WhiteElo "2038"]
[BlackElo "2078"]
[PlyCount "53"]
[EventDate "2015.09.13"]
[EventType "team-tourn"]
[EventRounds "11"]
[EventCountry "HUN"]
[SourceTitle "EXT 2017"]
[Source "ChessBase"]
[SourceDate "2016.10.25"]
[SourceVersion "1"]
[SourceVersionDate "2016.10.25"]
[SourceQuality "1"]
[WhiteTeam "Sarosd"]
[BlackTeam "Decs 1990 II"]
[WhiteTeamCountry "HUN"]
[BlackTeamCountry "HUN"]

1. d4 f5 2. Nf3 Nf6 3. e3 g6 4. c4 Bg7 5. Nc3 d6 6. Be2 c6 7. a3 0-0 8. 0-0 a5 9. b3 h6 10. Bb2 Nbd7 11. Qc2 e5 12. dxe5 dxe5 13. Rfd1 Qe8 14. Na4 Ne4 15. Nd2 Ndf6 16. Nb6 Rb8 17. c5 Nxd2 18. Qxd2 Ne4 19. Qxa5 f4 20. f3 Nf6 21. exf4 exf4 22. Bc4+ Kh7 23. Re1 Qd8 24. Be5 Nd7 25. Bxg7 Kxg7 26. Rad1 Qc7 27. Re7+ 1-0

[Event "Fejer County-chT 1213"]
[Site "Fejer Region"]
[Date "2013.02.02"]
[Round "4.26"]
[White "Sztupa, Ferenc"]
[Black "Vida, Daniel"]
[Result "0-1"]
[WhiteElo "2081"]
[BlackElo "2012"]
[PlyCount "50"]
[EventDate "2012.11.03"]
[EventType "team-tourn"]
[EventRounds "7"]
[EventCountry "HUN"]
[SourceTitle "EXT 2019"]
[Source "ChessBase"]
[SourceDate "2018.10.10"]
[SourceVersion "1"]
[SourceVersionDate "2018.10.10"]
[SourceQuality "1"]
[WhiteTeam "Sarosd"]
[BlackTeam "Etyek"]
[WhiteTeamCountry "HUN"]
[BlackTeamCountry "HUN"]

1. d4 Nf6 2. Nc3 d5 3. e4 dxe4 4. Bg5 Bf5 5. Qe2 c6 6. Bxf6 gxf6 7. 0-0-0 e6 8. Nxe4 Be7 9. f3 Qa5 10. Kb1 Na6 11. Qd2 Qb6 12. g4 Bg6 13. h4 h5 14. Qc3 hxg4 15. Bg2 gxf3 16. Qxf3 0-0-0 17. Ne2 Bh5 18. Qf2 Bxe2 19. Qxe2 Rxd4 20. h5 f5 21. Rxd4 Qxd4 22. Rd1 Qe5 23. Qf2 fxe4 24. Qxf7 Bf6 25. c3 Nc5 0-1

[Event "Fejer County-chT 1213"]
[Site "Fejer Region"]
[Date "2012.11.24"]
[Round "2.26"]
[White "Sztupa, Ferenc"]
[Black "Klimko, Csaba"]
[Result "0-1"]
[WhiteElo "2081"]
[BlackElo "2081"]
[PlyCount "68"]
[EventDate "2012.11.03"]
[EventType "team-tourn"]
[EventRounds "7"]
[EventCountry "HUN"]
[SourceTitle "EXT 2019"]
[Source "ChessBase"]
[SourceDate "2018.10.10"]
[SourceVersion "1"]
[SourceVersionDate "2018.10.10"]
[SourceQuality "1"]
[WhiteTeam "Sarosd"]
[BlackTeam "Dunaujvaros Decs IV"]
[WhiteTeamCountry "HUN"]
[BlackTeamCountry "HUN"]

1. d4 f5 2. c4 Nf6 3. Nc3 g6 4. Nf3 Bg7 5. Bg5 0-0 6. Qd2 c6 7. Bh6 Ne4 8. Nxe4 fxe4 9. Bxg7 Kxg7 10. Ng5 d5 11. g3 h6 12. Nh3 Qe8 13. f4 Nd7 14. e3 Nf6 15. Nf2 Be6 16. b3 Qd7 17. h3 g5 18. Be2 gxf4 19. gxf4 Kh7 20. 0-0-0 a5 21. Rdg1 a4 22. Kb2 axb3 23. axb3 dxc4 24. Bxc4 Bxc4 25. bxc4 b5 26. cxb5 Rfb8 27. Ra1 Rxb5+ 28. Kc2 Rab8 29. Rhb1 Qb7 30. Rxb5 Qxb5 31. Kd1 Nd5 32. Rc1 Qf1+ 33. Kc2 Nb4+ 34. Qxb4 Qxf2+ 0-1